000 00522nam a2200217Ia 4500
003 OSt
005 20251205141048.0
008 210210b2014 xxu||||| |||| 00| 0 eng d
020 _a9780143421627
040 _cAL
041 _aeng
082 _a820.33 SINP
100 _aNikita Singh
_9247855
245 _aPromise
260 _aNew Delhi
_bPenguin Books India (P) Ltd
_c2014
300 _ax,226p
650 _aPromise
_9247856
690 _aIndian English Fiction
_9247857
906 _a069801
942 _2ddc
_cBK
999 _c119363
_d119363